Statistics for States with the most borders

Click here to take the quiz!

General Stats

  • This quiz has been taken 120 times
    (108 since last reset)
  • The average score is 11 of 13

Answer Stats

Hint Answer % Correct
6Colorado
94%
7Kentucky
92%
8Tennessee
89%
6Arkansas
89%
6Nebraska
88%
6Oklahoma
87%
8Missouri
86%
6Virginia
85%
6South Dakota
84%
6Wyoming
84%
6Iowa
82%
6Pennsylvania
82%
6Idaho
76%

Score Distribution

Percentile by Number Answered

Percent of People with Each Score

Your Score History

You have not taken this quiz since the last reset